000 00392nam a22001817a 4500
003 UA-OsUOA
001 3889
007 ta
008 20050721b un ||||| |||| 00| 0 ukr d
100 _aHerman
700 _aEdward & Chomsky
700 _aNoam
942 _cBK
040 _aUA-OsUOA
_cUA-OsUOA
_dUA-OsUOA
245 _aManufacturing Consent
_bMass Media
955 _a2
650 7 _2UDC
999 _c290051
_d290051